|
|
|
แสดงรายละเอียดบรรณานุกรม |
|
|
Brief Record
: Get Marc (ISO 2709)
: E-mail record
: |
|
|
| LEADER 00000nam 2200000uu 4500 | |||
| 001 52690 | |||
| 003 ULIBM | |||
| 008 190725s||||||||th 000 0 tha d | |||
| 020 ^a9786160416776 | |||
| 082 0 ^a959.55^bด-บ | |||
| 100 0 ^aดลยา เทียนทอง | |||
| 245 00 ^aบรูไน/^cดลยา เทียนทอง | |||
| 260 ^aกรุงเทพฯ:^bนานมีบุ๊คส์พับลิเคชั่นส์,^c2557 | |||
| 300 ^a56 หน้า:^bภาพประกอบ | |||
| 440 ^aชุด The ASEAN Way | |||
| 541 ^a135 บาท | |||
| 651 0 ^aบรูไน^xภูมิประเทศและการท่องเที่ยว | |||
| 651 0 บรูไน^xประวัติศาสตร์ | |||
| 999 ^aKamolsri | |||
| คุณยังไม่ได้ล็อกอิน คุณสามารถมีกิจกรรมร่วมกับเว็บไซต์ได้ แต่ต้องล็อกอินก่อน :: |
|
| สถานะ | |||||||||
| 1. | หนังสือ | 959.55 ด-บ Barcode: 083819 | ►หนังสือทั่วไป | On Shelf ขอยืม | |||||
| [แสดง 1/1 รายการ] | |||||||||

BibComment |
| คอมเมนท์ทรัพยากรรายการนี้ |
|
|
ห้องสมุดโรงเรียนสามัคคีวิทยาคม
159 ถ.บรรพปราการ ต.เวียง อ.เมือง จ.เชียงราย 57000
โทร. 053-711018 โทรสาร 053-713003